000 00289nam a22001337a 4500
008 170918b xxu||||| |||| 00| 0 eng d
020 _a9780155065277
041 _aeng
080 _a7
100 _a44
101 _aART
245 _aCULTURE AND VALUES
_cCUNNINGHAM, L
942 _2udc
_cBK
999 _c28040
_d28040